banner-ar

اوروبا والاثار المصرية / (Record no. 63848)

MARC details
000 -الفاتح
حقل البيانات ثابتة الطول 01102nam a22002657a 4500
005 - وقت وتاريخ اخر تعامل مع التسجيلة
رقم الضبط 20240530110702.0
008 - عناصر البيانات ثابتة الطول - معلومات عامة
حقل البيانات ثابتة الطول 171225s2015 ua a f b 000 0dara d
017 ## - رقم الايداع القانونى
رقم الايداع القانونى 2009/21377
المصدر ( الهيئة المختصة) مصر. دار الكتب
020 ## - الرقم الدولى المعيارى للكتب
الرقم الدولى المعيارى للكتاب 9789774211618
040 ## - مصدر الفهرسة
وكالة الفهرسة الأصلية EG-CaGPL
وكالة النسخ EG-CaGPL
082 04 - رقم تصنيف ديوى العشرى
رقم الطبعة 21
رقم التصنيف 930.1
رقم المادة ق/ف أ
100 1# - المدخل الرئيسى - إسم شخصى
الإسم الشخصى فرانس ، بيتر
245 10 - بيان العنوان
العنوان اوروبا والاثار المصرية /
بيان المسئوليه,etc بيتر فرانس ؛ ترجمة ابراهيم محمد ابراهيم ؛ راجعة وقدم له عبدالرحمن الشيخ .
250 ## - بيان الطبعة
بيان الطبعة ط.1
260 ## - PUBLICATION, DISTRIBUTION, ETC. (IMPRINT)
تاريخ النشر أو التوزيع 2009 .
300 ## - الوصف المادى
التعداد 276 ص. ؛
أبعاد الوعاء 24 سم.
504 ## - تبصرة ببليوجرافية
تبصرة ببليوجرافية,الخ ببليوجرافية : ص 263 - 267
650 07 - المدخل الاضافى بالموضوع-مصطلح موضوعى
مصدر الرأس أو المصطلح qrmak
مصطلح موضوعي الاثار المصرية القديمة
650 07 - المدخل الاضافى بالموضوع-مصطلح موضوعى
مصدر الرأس أو المصطلح qrmak
مصطلح موضوعي الاثار الفرعونية
651 ## - المدخل الاضافى بالموضوع - اسم جغرافى
مصدر الرأس أو المصطلح qrmak
700 0# - المدخل الاضافى - اسم شخصى
الإسم الشخصى ابراهيم محمد ابراهيم
الدور مترجم
700 0# - المدخل الاضافى - اسم شخصى
الإسم الشخصى عبدالرحمن الشيخ
الدور مراجع ومقدم
942 ## - عناصر المدخل الإضافي( كوها)
مصدر التصنيف او مخطط الترفيف Dewey Decimal Classification
Koha [default] item type كتاب
260 ## - PUBLICATION, DISTRIBUTION, ETC. (IMPRINT)
-- القاهرة :
-- الهيئة المصرية العامة للكتاب ،
Holdings
حالة التراجع حالة الفقد حالة تلف ليس للاعارة المكان المؤقت الموقع الحالى موقع الترفيف تاريخ الاكتساب اجمالي اﻻعارات رقم الطلب الباركود تاريخ اخر مشاهدة تاريخ تفعيل السعر نوع وعاء كوها
        مكتبة القاهرة الكبرى مكتبة القاهرة الكبرى   01/10/2018   930.1 ق/ف أ 163967 01/10/2018 01/10/2018 كتاب

Powered By

EGPV